000 00593nam a2200217Ia 4500
003 OSt
005 20220923221111.0
006 a|||||r|||| 00| 0
007 ta
008 220922b |||||||| |||| 00| 0 hin d
024 _a195,161
037 _cTextual
040 _aARTS
_cARTS
_bhin
041 _2hin
_ahin
082 _aRvN5, 152K3
100 _aडूरेन्ट, विल
245 0 _aदर्शन की कहानी
246 _aDarshan kī kahānī
942 _hRvN5, 152K3
_cTEXL
_2CC
999 _c347401
_d347401